| 000 | 02095cam a2200193 4500500 | ||
|---|---|---|---|
| 005 | 20251228074206.0 | ||
| 041 | _afre | ||
| 042 | _adc | ||
| 100 | 1 | 0 |
_aGranier, François _eauthor |
| 700 | 1 | 0 |
_aMoisset, Pierre _eauthor |
| 700 | 1 | 0 |
_aThobois, Pascal _eauthor |
| 245 | 0 | 0 | _aAvant-propos |
| 260 | _c2018. | ||
| 500 | _a62 | ||
| 520 | _aRésuméDans cet article, nous présentons un projet de recherche pour un gouvernement local chinois, qui consistait pour nous à apporter une approche sociologique, concernant le développement de services et infrastructures pour personnes âgées. L'acceptation d'une approche sociologique, bien accueillie au départ, s'est avec l'évolution du projet transformée en tentative d'expulsion du projet, laisser faire, puis mise sous silence des conclusions de notre recherche. Toutefois, quelques interlocuteurs conciliants ont permis à certaines de nos idées d'être, finalement utilisées. En analysant notre travail sur ce projet, nous montrons les difficultés du travail sociologique en milieu autoritaire chinois, tout en expliquant qu'il est possible de conserver une approche critique. | ||
| 520 | _aIn this article, we present a research project done for a Chinese local government, which consisted in providing a sociological approach for the development of services and infrastructures for the elderly. The acceptance of a sociological approach, well received at the beginning, transformed in attempts to eject us from the project, let us do as we wished, while finally using practically none of the conclusions of the sociological approach. However, some official interlocutors allowed some of our ideas to be, in the end, used. By analyzing our work on this project, we show the difficulties of sociological work in a Chinese authoritarian environment, while explaining that it is possible to hold a critical approach in spite of everything. | ||
| 786 | 0 | _nSociologies pratiques | 37 | 2 | 2018-11-26 | p. 1-7 | 1235-9278 | |
| 856 | 4 | 1 | _uhttps://shs.cairn.info/revue-sociologies-pratiques-2018-2-page-1?lang=fr&redirect-ssocas=7080 |
| 999 |
_c1597078 _d1597078 |
||